Central Library and Information Centre
Sibsagar Girls' College, Sivasagar : Assam

PROCEEDING OF INTERNATIONAL SYMPOSIA ON RECENT TRENDS IN HEAT AND MASS TRANSFER (JANUARY 6-8/2002) (Record no. 9166)

MARC details
000 -LEADER
fixed length control field 00499cam a2200181ua 4500
008 - FIXED-LENGTH DATA ELEMENTS--GENERAL INFORMATION
fixed length control field 060101n II |||gr||||Z||||||eng
040 ## - CATALOGING SOURCE
Original cataloging agency MAIN
041 ## - LANGUAGE CODE
-- English
082 ## - DEWEY DECIMAL CLASSIFICATION NUMBER
Classification number 536 MIS
100 ## - MAIN ENTRY--PERSONAL NAME
Personal name MISRA,S.C.(ed./-).
245 ## - TITLE STATEMENT
Title PROCEEDING OF INTERNATIONAL SYMPOSIA ON RECENT TRENDS IN HEAT AND MASS TRANSFER (JANUARY 6-8/2002)
260 ## - PUBLICATION, DISTRIBUTION, ETC.
Place of publication, distribution, etc. NEW DELHI:
Name of publisher, distributor, etc. TATA MCGRAW HILL .,
Date of publication, distribution, etc. 2002.
300 ## - PHYSICAL DESCRIPTION
Extent 356:
Dimensions 24CM.
700 ## - ADDED ENTRY--PERSONAL NAME
Personal name SADHAL,S.S.(ed./-).
942 ## - ADDED ENTRY ELEMENTS (KOHA)
Koha item type Books
653 ## - INDEX TERM--UNCONTROLLED
Uncontrolled term Heat
Holdings
Withdrawn status Lost status Damaged status Not for loan Collection code Home library Current library Shelving location Date acquired Full call number Barcode Date last seen Copy number Price effective from Koha item type Public note
        REFPHY Central Library and Information Centre Sibsagar Girls College Central Library and Information Centre Sibsagar Girls College PHYSICS BOOK RACK 01.08.2006 536 MIS 21403 27.02.2020 1 27.02.2020 Books V


Sibsagar Girl's College © 2020. All rights reserved.
Powered by Koha.
Maintained by Abhijit Borpuzari.